Statistics for All the popes since 1775

Click here to take the quiz!

General Stats

  • This quiz has been taken 13 times
  • The average score is 9 of 17

Answer Stats

PontificatePope% Correct
2013 - presentFrancis
100%
1914 - 1922Benedict XV
77%
2005 - 2013Benedict XVI
77%
1978 - 1978John Paul I
77%
1978 - 2005John Paul II
69%
1958 - 1963John XXIII
69%
1903 - 1914Pius X
69%
1922 - 1939Pius XI
69%
1939 - 1958Pius XII
69%
1846 -1878Pius IX
62%
1963 - 1978Paul VI
54%
1823 - 1829Leo XII
31%
1878 - 1903Leo XIII
23%
1775 - 1799Pius VI
23%
1800 - 1823Pius VII
15%
1829 -1830Pius VIII
15%
1831 - 1846Gregory XVI
8%

Score Distribution

Percentile by Number Answered

Percent of People with Each Score

Your Score History

You have not taken this quiz